Science Quiz

Random Science Quiz
Score 0/15 Timer 10:00
0 Plays Today
x x % Correct
Type of IL that is responsible for inducing inflammationIL-1
85.9%
Type of IL for T cell growth IL-2
84.3%
Type of IFN that activates macrophage and is secreted by Th1 to inhibit proliferation of Th2IFN-gamma
80.9%
Type of TNF responsible for inflammationTNF-alpha
79.9%
Type of IL for class switching from Th2IL-4
78.9%
Type of IL that is secreted by Treg and downregulates Th1IL-10
77.5%
Type of IL that activates Eosinophil IL-5
76.2%
Type of IFN that provides anti-viral immunity IFN-alpha and beta
71%
x x % Correct
Type of TGF secreted by Treg and Th2 that inhibits activation of Th1TGF-beta
69.7%
Type of IL besides IL-2 that induces T cell growth IL-12
68.9%
Type of CD found on naive T cells and interacts with CD80/86CD28
66.8%
Type of CD found Antigen Presenting Cells (B cells, macrophages, Dendritic Cells) and binds to CD28CD80:86
65.8%
Type of CD required for class switchingCD40
54.6%
Has a higher affinity for CD80:86 and effectively shuts down T cell responseCTLA4
45.7%
Type of CD that regulates the Membrane Attack Complex CD59
34.5%
Remove Ads.
Support Sporcle.
Get the best of Sporcle when you Go Orange. This ad-free experience offers more features, more stats, and more fun while also helping to support Sporcle. Thank you for becoming a member.

You're not logged in!

Compare scores with friends on all Sporcle quizzes.
OR
Log In

You Might Also Like...

Show Comments

Extras

Created Oct 15, 2010ReportNominate
Tags:immunology

Top Quizzes Today


Score Distribution

Your Account Isn't Verified!

In order to create a playlist on Sporcle, you need to verify the email address you used during registration. Go to your Sporcle Settings to finish the process.

Report this User

Report this user for behavior that violates our Community Guidelines.

Details: